[Event "Pardubice Czech op-D 28th"]
[Site "Pardubice"]
[Date "2017.07.23"]
[Round "2"]
[White "Rychtecky, Pavel"]
[Black "Bilek, Marek"]
[Result "1/2-1/2"]
[WhiteElo "1643"]
[BlackElo "1398"]
[PlyCount "81"]
[EventDate "2017.07.22"]
[EventType "swiss"]
[EventRounds "9"]
[EventCountry "CZE"]
[SourceTitle "CBM 179 Extra"]
[Source "ChessBase"]
[SourceDate "2017.08.23"]
[SourceVersion "1"]
[SourceVersionDate "2017.08.23"]
[SourceQuality "1"]

1. e4 c6 2. d4 d5 3. Nc3 g6 4. Be3 Bg7 5. Nf3 Bg4 6. Be2 Nd7 7. exd5 cxd5 8. Nxd5 Ngf6 9. Nxf6+ Nxf6 10. h3 Bf5 11. 0-0 0-0 12. c4 Rc8 13. Qa4 a6 14. Rac1 Ne4 15. Qb3 Nd6 16. c5 Be6 17. d5 Bf5 18. cxd6 Qxd6 19. Bd3 Bxd3 20. Qxd3 e6 21. b3 exd5 22. Rfd1 Rxc1 23. Rxc1 Rd8 24. Bb6 Qxb6 25. Rd1 Qa5 26. Rd2 Qc3 27. Qxc3 Bxc3 28. Rd3 d4 29. Ng5 Re8 30. Nf3 Re2 31. Nxd4 Bxd4 32. Rxd4 Rxa2 33. Rd7 Rb2 34. Rxb7 a5 35. Ra7 Rxb3 36. Rxa5 Kg7 37. h4 h5 38. g3 Rb4 39. Kg2 Rc4 40. f4 f5 41. Ra6 1/2-1/2